Semi-Riemannian geometry : with applications to relativity
Αποθηκεύτηκε σε:
| Κύριος συγγραφέας: | |
|---|---|
| Μορφή: | Βιβλίο |
| Γλώσσα: | English |
| Δημοσίευση: |
New York :
Academic Press,
1983
|
| Σειρά: | Pure and applied mathematics
; 103 |
| Θέματα: | |
| Ετικέτες: |
Προσθήκη ετικέτας
Δεν υπάρχουν, Καταχωρήστε ετικέτα πρώτοι!
|
MARC
| LEADER | 00000cam a2200000 i 4500 | ||
|---|---|---|---|
| 001 | 1/61360 | ||
| 008 | 941103s1983 eng d | ||
| 020 | |a 0125267401 | ||
| 035 | |l 10046422 | ||
| 035 | |a 1988 |c ΑΘΑΝΑΣΟΠΟΥΛΟΣ | ||
| 035 | |a 1993 | ||
| 040 | |a GR-MY-UA |b gre |e aacr | ||
| 041 | 0 | |a eng | |
| 082 | 0 | |a 516.373 |2 (19) | |
| 100 | 1 | |a O'Neill, Barrett. | |
| 245 | 1 | 0 | |a Semi-Riemannian geometry : |b with applications to relativity / |c Barrett O'Neill |
| 260 | |a New York : |b Academic Press, |c 1983 | ||
| 300 | |a xiii, 468 p.; |c 24 cm | ||
| 490 | 1 | |a Pure and applied mathematics |v ; 103 | |
| 500 | |a Includes index | ||
| 504 | |a Bibliography: p. 456-457 | ||
| 650 | 0 | 0 | |a Geometry, Riemannian. |
| 650 | 0 | 0 | |a Manifolds (Mathematics) |
| 650 | 0 | 0 | |a Calculus of tensors. |
| 650 | 0 | 0 | |a Relativity (Physics) |
| 852 | |a INST |b SAMOS |e 19941103 |h 516.373 ONE |p 005300004288 |q 005300004288 |t BK |y 0 | ||
| 852 | |a INST |b SAMOS |e 19941103 |h 516.373 ONE |p 005300006780 |q 005300006780 |t BK |y 0 | ||
| 909 | |a Σ |b 012952 | ||
| 909 | |a Σ |b 030716 | ||